Meilleurs buteurs de l'histoire du championnat d'Europe de football - Statistiques

Statistiques générales
  • Ce quiz a été pris 160 fois
  • Le résultat moyen est 7 sur 10
Statistiques - réponses
Nationalité Joueur Buts Edition % Correct
1 Portugal Cristiano Ronaldo 14 2004, 2008, 2012, 2016, 2020
100%
4 France Antoine Griezmann 7 2016, 2020
90%
2 France Michel Platini 9 1984
89%
7 Belgique Romelu Lukaku 6 2016, 2020
87%
10 France Thierry Henry 6 2000, 2004, 2008
83%
8 Angleterre Wayne Rooney 6 2004, 2012, 2016
75%
9 Espagne Álvaro Morata 6 2016, 2020
70%
5 Pays-Bas Ruud van Nistelrooy 6 2004, 2008
57%
3 Angleterre Alan Shearer 7 1996, 2000
48%
6 Pays-Bas Patrick Kluivert 6 1996, 2000
33%
Aucun quiz correspondant
Distribution des résultats
% des personnes avec chaque résultat
Percentile par nombre de réponses
Votre historique - résultats
Vous n’avez pas pris ce quiz